00942nam a2200229 a 4500001001000000003000500010005001700015008004100032010001100073011001100084040000900095100003000104245018700134260005700321500006000378502009700438650002600535650003600561650002200597650002300619856007000642000111286CHAP20220329144205.0150126s2014 mx a |sm |||||||spa d a107748 a108720 cCHAP1 aGarcía Hilario, Fabiana10aAgrícultura Campecina:h[En línea]bla crisis de la milpa y la erosión biológica y cultural en San Juan de las Nieves, Manilaltepec, Guerrero /cpor Fabiana García Hilario. aSan Cristobal de las Casa, Chis. :bEl autor,c2014. aPara ver el contenido del material haga clic en la liga aTesis (M.C. en Desarrollo Rural Regional) -- UACH. Dirección General de Centros Regionales14aCultivosxVariedades.14aMaízxMalas hierbasxControl.14aMaízzGuerrero.14aSuelosxErosión. aFinding aiduhttp://10.13.5.2/tesis/sist111286.pdfzTeclea aquí